000 01610nam a2200385 i 4500
001 BK0022431244
005 20230831153106.0
008 190411s2019 nyua j 6 000 0 eng d
010 _abl2019010817
020 _a9781626727908 : PAP
_c12.99
020 _a1626727902 : PAP
_c12.99
_qpbk.
037 _bFirst Second, C/O Mps 16365 James Madison Hwy, Gordonsville, VA, USA, 22942, (888)3308477
_nSAN 631-5011
040 _aNjBwBT
_beng
_cNjBwBT
_erda
050 1 4 _aQC981.3
_b.R43 2019
082 0 4 _a551.6
_223
092 _a551.6000
100 1 _aReed, M. K,
_eauthor.
_96428666
245 1 0 _aWild weather :
_bstorms, meteorology, and climate /
_cwritten by MK Reed ; illustrated by Jonathan Hill ; with colors by Nyssa Oru.
264 1 _aNew York :
_bFirst Second,
_c2019.
300 _a119 pages :
_bcolor illustrations ;
_c23 cm.
336 _atext
336 _astill image
337 _aunmediated
338 _avolume
490 1 _aScience comics
500 _aChiefly illustrations.
520 _aExplores extreme weather, discussing how weather satellites predict the future, the difference between weather and climate, and how the rotation of the planet affects wind currents.
650 0 _aWeather
_vJuvenile literature.
_95691781
650 0 _aWeather
_vComic books, strips, etc.
_96434053
655 0 _aGraphic novels.
650 1 _aWeather
_vCartoons and comics.
_96472815
650 1 _aGraphic novels.
700 1 _aHill, Jonathan
_c(Comic book artist),
_eartist.
_96434056
830 0 _aScience comics (First Second (Firm)).
_95960510
999 _c367728
_d367728